Spain Hard General Knowledge #1 - Statistics

General Stats
  • This quiz has been taken 71 times
  • The average score is 7 of 14
Answer Stats
Hint Answer % Correct
What is the largest island in the Canary Islands? Tenerife
86%
When did Spain won the FIFA World Cup? 2010
84%
To which Royal house do King Juan Carlos and King Felipe VI belong to? Bourbon
79%
What is the main rail transport company in Spain? RENFE
74%
Which Spanish Formula One driver raced for McLaren between 2015 and 2019? Fernando Alonso
72%
What are the three highest peaks in Spain? Teide Peak
71%
Where is the only desert in Europe located? Almería
53%
Which poet from Granada is known for “Yerma” and “La casa de Bernarda Alba“? Federico García Lorca
50%
What are the three highest peaks in Spain? Aneto
45%
What are the three highest peaks in Spain? Mulhacén
41%
In which city is the "Tomatina" held? Buñol
28%
What is the name of the human towers built during festivals in Catalonia? Castellers
26%
What is the name of the northernmost cape in Spain? Estaca de Bares
9%
What is the largest natural lake in Spain? Lake Sanabria
7%
No matching quizzes found
Score Distribution
Percent of People with Each Score
Percentile by Number Answered
Your Score History
You have not taken this quiz